Debate Debacles Quiz Stats

 Plays Quiz Updated Mar 30, 2020

Support Sporcle.
Go Orange.
Score 0/14 Timer 07:00
0 Plays Today
Track # Candidate % Correct
3Mitt Romney
87.5%
9Ronald Reagan
87.4%
12Hillary Clinton
87.3%
13George Bush
83.2%
4Jimmy Carter
82.9%
7John McCain
77.4%
6*Al Gore
75%
Track # Candidate % Correct
2Gerald Ford
65.8%
14Rick Perry
57.8%
10Michael Dukakis
51.6%
1*Lloyd Bentsen
40.7%
8**Jan Brewer
28.3%
11*James Stockdale
22.7%
5Dennis Kucinich
19.1%

From the Vault

British Food By Image

by triplet_3

The UK: where 'pudding' means so much more than the chocolate Jello cup you always had in your lunchbox.
Remove Ads.
Support Sporcle.
Get the best of Sporcle when you Go Orange. This ad-free experience offers more features, more stats, and more fun while also helping to support Sporcle. Thank you for becoming a member.

Show Comments

Extras

Top Quizzes Today


Score Distribution

Your Account Isn't Verified!

In order to create a playlist on Sporcle, you need to verify the email address you used during registration. Go to your Sporcle Settings to finish the process.

Report this User

Report this user for behavior that violates our Community Guidelines.

Details: